UNIT OPRATIONS (Record no. 16084)

MARC details
000 -LEADER
fixed length control field 00298nam a22001457a 4500
003 - CONTROL NUMBER IDENTIFIER
control field SGT
082 ## - DEWEY DECIMAL CLASSIFICATION NUMBER
Classification number 616.17
Item number P19M
100 ## - MAIN ENTRY--PERSONAL NAME
Personal name BROWN, GEORGE,GRANGER
245 ## - TITLE STATEMENT
Title UNIT OPRATIONS
250 ## - EDITION STATEMENT
Edition statement 5TH
260 ## - PUBLICATION, DISTRIBUTION, ETC. (IMPRINT)
Place of publication, distribution, etc NEW DELHI
Name of publisher, distributor, etc JAYPEE
Year of Publication 2019
300 ## - PAGE DESCRIPTION
No. of Pages 598
650 ## - SUBJECT ADDED ENTRY--TOPICAL TERM
Topical term or geographic name as entry element PHARMACY
942 ## - ADDED ENTRY ELEMENTS (KOHA)
Source of classification or shelving scheme Dewey Decimal Classification
Koha item type Books
Holdings
Withdrawn status Lost status Source of classification or shelving scheme Damaged status Use restrictions Not for loan Collection code Home library Current library Shelving location Date acquired Vendor Name SGTU Bill Number Full call number Accession No. (Barcode) Date last seen Bill Date Koha item type Total Checkouts Date last borrowed
    Dewey Decimal Classification   Restricted Access   PHARMACY SGT FA-FP Library SGT FA-FP Library Reference Book 22/09/2018 AHUJA PUB SGTU 10139 616.17 P19M FP3021 22/09/2018 15/09/2018 Books    
    Dewey Decimal Classification       PHARMACY SGT FA-FP Library SGT FA-FP Library Text Book 22/09/2018 AHUJA PUB SGTU 10139 616.17 P19M FP3022 22/09/2018 15/09/2018 Books    
    Dewey Decimal Classification       PHARMACY SGT FA-FP Library SGT FA-FP Library Text Book 22/09/2018 AHUJA PUB SGTU 10139 616.17 P19M FP3023 22/09/2018 15/09/2018 Books    
    Dewey Decimal Classification       PHARMACY SGT FA-FP Library SGT FA-FP Library Text Book 22/09/2018 AHUJA PUB SGTU 10139 616.17 P19M FP3024 04/05/2026 15/09/2018 Books 1 19/03/2026
    Dewey Decimal Classification       PHARMACY SGT FA-FP Library SGT FA-FP Library Text Book 22/09/2018 AHUJA PUB SGTU 10139 616.17 P19M FP3025 15/10/2018 15/09/2018 Books 1 09/10/2018